| 000 | 00744nam a2200253Ia 4500 | ||
|---|---|---|---|
| 003 | OSt | ||
| 005 | 20220927110437.0 | ||
| 006 | a|||||r|||| 00| 0 | ||
| 007 | ta | ||
| 008 | 220926b |||||||| |||| 00| 0 eng d | ||
| 024 | _a115426 | ||
| 037 | _cReports | ||
| 040 |
_aRTL _cRTL _beng |
||
| 041 |
_2eng _aeng |
||
| 082 | _a"L:4:6.225.N5t4, J1" | ||
| 100 |
_aDAVER M B _9378306 |
||
| 110 |
_aHyderabad Economic Association _9378307 |
||
| 245 | 0 | _aSurvey of health an nutrition conditions among working facilities in Hyderabad | |
| 260 | _c1951 | ||
| 650 | _aMedicine | ||
| 700 |
_aHyderabad Economic Association _9378308 |
||
| 942 |
_h"L:4:6.225.N5t4, J1" _cCC |
||
| 999 |
_c696725 _d696725 |
||